000 00973cam a22002297a 4500
005 20091211162342.0
008 080815t20082009waua 001 0 eng d
010 _aENG-95675
020 _a9788120338555
_c250.00
035 _aEN-79208
037 _aDBAD/PUB
040 _aDPL
100 _aGhosal, Sabari
245 _aFundamentals of bioanalytical techniues and instrumentation/
_cby Sabari Ghosal [and] A.K. Srivastava
260 _aNew Delhi:
_bPHI Learning P. Ltd.
_c2009
300 _axvi, 202 p. :
_c24 cm (Pbk)
_e.
500 _aIncludes index.
650 _aRelational databases.
942 _2ddc
_cEN
_mGHO
999 _c33219
_d33219